The next generation of information systems : from data to knowledge
Αποθηκεύτηκε σε:
| Συγγραφή απο Οργανισμό/Αρχή: | |
|---|---|
| Άλλοι συγγραφείς: | , |
| Μορφή: | Πρακτικό Συνεδρίου Βιβλίο |
| Γλώσσα: | English |
| Δημοσίευση: |
Berlin ; New York :
Springer-Verlag,
c1992.
|
| Σειρά: | Lecture notes in computer science. Lecture notes in artificial intelligence.
Lecture notes in computer science |
| Θέματα: | |
| Ετικέτες: |
Προσθήκη ετικέτας
Δεν υπάρχουν, Καταχωρήστε ετικέτα πρώτοι!
|
MARC
| LEADER | 00000cam a2200000 i 4500 | ||
|---|---|---|---|
| 001 | 1/42576 | ||
| 008 | 950314s1992 gw ||| | eng|| | ||
| 020 | |a 3540556168 | ||
| 035 | |a 1995 |c ΔΑΡΖΕΝΤΑΣ |l 10041801 | ||
| 040 | |a GR-MyUA |b gre |e AACR2 | ||
| 041 | 0 | |a eng | |
| 082 | 0 | |a 006.33 | |
| 245 | 1 | 4 | |a The next generation of information systems : |b from data to knowledge / |c M.P. Papazoglou, J. Zeleznikow (eds.). |
| 260 | |a Berlin ; |a New York : |b Springer-Verlag, |c c1992. | ||
| 300 | |a viii, 310 σ. : |b εικ. ; |c 25 εκ. | ||
| 490 | 1 | |a (Lecture notes in computer science. Lecture notes in artificial intelligence) | |
| 490 | 1 | |a (Lecture notes in computer science |v ; 611) | |
| 500 | |a 'A selection of papers presented at two IJCAI-91 workshops, Sydney, Australia August 26,1991." | ||
| 504 | |a Περιέχει βιβλιογραφικές αναφορές. | ||
| 650 | 0 | 0 | |a Database management |x Congresses. |
| 650 | 0 | 0 | |a Artificial intelligence |x Congresses. |
| 700 | 1 | |a Papazoglou, M., |d 1953- | |
| 700 | 1 | |a Zeleznikow, J. |e edt | |
| 711 | 1 | |a International Joint Conference on Artificial Intelligence |d (1991 : |c Sydney, N.S.W.) | |
| 830 | 0 | |a Lecture notes in computer science. |p Lecture notes in artificial intelligence. | |
| 830 | 0 | |a Lecture notes in computer science | |
| 852 | |a INST |b SAMOS |e 19950314 |h 006.33 NEX |p 005300005863 |q 005300005863 |t BK |y 0 | ||
| 909 | |a Σ |b 038191 | ||